[Event "Tapolca op"]
[Site "Budapest"]
[Date "2001.01.10"]
[Round "6.10"]
[White "Szirmai, Eduard"]
[Black "Khechumyan, Gagik"]
[Result "1/2-1/2"]
[WhiteElo "2119"]
[BlackElo "2227"]
[PlyCount "112"]
[EventDate "2001.01.07"]
[EventType "swiss"]
[EventRounds "9"]
[EventCountry "HUN"]
[SourceTitle "EXT 2004"]
[Source "ChessBase"]
[SourceDate "2003.11.25"]
[SourceVersion "1"]
[SourceVersionDate "2003.11.25"]
[SourceQuality "1"]

1. d4 Nf6 2. c4 e5 3. dxe5 Ng4 4. Nf3 Bc5 5. e3 Nc6 6. Nbd2 Ncxe5 7. Nxe5 Nxe5 8. a3 d6 9. Nf3 Qf6 10. Be2 Bd7 11. 0-0 h5 12. Bd2 Nxf3+ 13. Bxf3 Qxb2 14. Rb1 Qxa3 15. Rxb7 Rc8 16. Rb3 Qa2 17. Rc3 Rb8 18. Rc1 Qa4 19. Qe2 Be6 20. Rfd1 h4 21. Bg4 Qc6 22. Bf3 Rh6 23. e4 Rg6 24. Be3 Bxe3 25. Qxe3 Qa4 26. e5 Qb3 27. Rc3 Qb6 28. exd6 Qxe3 29. Rxe3 cxd6 30. Rxd6 Rb1+ 31. Rd1 Rxd1+ 32. Bxd1 h3 33. g3 Rg5 34. f4 Ra5 35. Bg4 Kd7 36. Bxe6+ fxe6 37. g4 g5 38. fxg5 Rxg5 39. Re4 a5 40. Kf2 a4 41. Kg3 Ra5 42. Kxh3 a3 43. Re1 a2 44. Ra1 Kd6 45. Kh4 e5 46. g5 e4 47. c5+ Kxc5 48. g6 Ra8 49. Kg4 Kd4 50. h4 e3 51. h5 e2 52. h6 Ke5 53. Kg5 Re8 54. h7 Kd6 55. Re1 Ra8 56. Ra1 Re8 1/2-1/2

[Event "Tapolca op"]
[Site "Budapest"]
[Date "2001.01.09"]
[Round "5.12"]
[White "Khechumyan, Gagik"]
[Black "Szilardfy, Gyula"]
[Result "1-0"]
[WhiteElo "2255"]
[BlackElo "2150"]
[PlyCount "37"]
[EventDate "2001.01.07"]
[EventType "swiss"]
[EventRounds "9"]
[EventCountry "HUN"]
[SourceTitle "EXT 2004"]
[Source "ChessBase"]
[SourceDate "2003.11.25"]
[SourceVersion "1"]
[SourceVersionDate "2003.11.25"]
[SourceQuality "1"]

1. d4 Nf6 2. c4 g6 3. Nc3 Bg7 4. e4 d6 5. f3 0-0 6. Bd3 e5 7. Nge2 Nbd7 8. Be3 exd4 9. Nxd4 Re8 10. Qd2 Nc5 11. Be2 a6 12. 0-0 c6 13. a4 Qe7 14. Bg5 Qc7 15. a5 Be6 16. Nxe6 fxe6 17. f4 Kf7 18. Bh4 Qd8 19. e5 1-0

[Event "Tapolca op"]
[Site "Budapest"]
[Date "2001.01.08"]
[Round "4.2"]
[White "Majeric, Zoran"]
[Black "Khechumyan, Gagik"]
[Result "1-0"]
[WhiteElo "2332"]
[BlackElo "2255"]
[PlyCount "71"]
[EventDate "2001.01.07"]
[EventType "swiss"]
[EventRounds "9"]
[EventCountry "HUN"]
[SourceTitle "EXT 2004"]
[Source "ChessBase"]
[SourceDate "2003.11.25"]
[SourceVersion "1"]
[SourceVersionDate "2003.11.25"]
[SourceQuality "1"]

1. e4 d6 2. d4 g6 3. Nc3 Bg7 4. Be3 a6 5. f4 b5 6. Qf3 Bb7 7. 0-0-0 b4 8. Nb1 f5 9. Nd2 Nf6 10. Bd3 Nbd7 11. Nh3 e6 12. Nf2 0-0 13. Rhg1 e5 14. dxe5 fxe4 15. Ndxe4 Nxe4 16. Bxe4 Nxe5 17. Qh3 Bxe4 18. Nxe4 Nf7 19. Bd4 Bxd4 20. Rxd4 Qe7 21. Nf2 Rae8 22. Re4 Qf6 23. Rge1 Rxe4 24. Rxe4 d5 25. Rxb4 c5 26. Ra4 Nd6 27. Ng4 Qe7 28. Ne5 Nc4 29. Qg3 Nxe5 30. fxe5 Rf1+ 31. Kd2 Qf8 32. Rxa6 Rf2+ 33. Ke1 Rxc2 34. Rxg6+ Kh8 35. Rf6 Qd8 36. Qf4 1-0

[Event "Tapolca op"]
[Site "Budapest"]
[Date "2001.01.07"]
[Round "3.12"]
[White "Khechumyan, Gagik"]
[Black "Csaszar, Gyula"]
[Result "1-0"]
[WhiteElo "2255"]
[BlackElo "2113"]
[PlyCount "177"]
[EventDate "2001.01.07"]
[EventType "swiss"]
[EventRounds "9"]
[EventCountry "HUN"]
[SourceTitle "EXT 2004"]
[Source "ChessBase"]
[SourceDate "2003.11.25"]
[SourceVersion "1"]
[SourceVersionDate "2003.11.25"]
[SourceQuality "1"]

1. d4 Nf6 2. c4 g6 3. Nc3 d5 4. cxd5 Nxd5 5. Na4 e5 6. dxe5 Bb4+ 7. Bd2 Ne3 8. fxe3 Bxd2+ 9. Qxd2 Qh4+ 10. g3 Qxa4 11. Bg2 0-0 12. Qc3 c6 13. Nf3 Bg4 14. h3 Be6 15. Nd4 Re8 16. b3 Qa3 17. Rd1 Na6 18. 0-0 Rad8 19. Nxe6 Rxd1 20. Rxd1 Rxe6 21. Rd8+ Kg7 22. Rd6 Nc7 23. Rd7 Nb5 24. Qc4 Re7 25. Rxe7 Qxe7 26. a4 Nc7 27. Qd4 a6 28. e6+ f6 29. Qa7 Qxe6 30. Qxb7 Qxe3+ 31. Kh2 Qe5 32. Qxc6 h5 33. Qe4 Qd6 34. Qf4 Qe7 35. b4 g5 36. Qc4 Qe5 37. Qc5 Qxc5 38. bxc5 Kf7 39. Kg1 Ke6 40. Kf2 Ke5 41. Ke3 f5 42. a5 Nd5+ 43. Bxd5 Kxd5 44. h4 f4+ 45. gxf4 g4 46. f5 Kxc5 47. Kf4 Kd6 48. e4 Ke7 49. e5 Kf7 50. e6+ Kf6 51. Ke4 Ke7 52. Ke5 g3 53. f6+ Kf8 54. e7+ Kf7 55. Kd6 g2 56. Kd7 g1Q 57. e8Q+ Kxf6 58. Qh8+ Kf5 59. Qxh5+ Ke4 60. Qg5 Qd4+ 61. Kc6 Qa4+ 62. Kb6 Qb4+ 63. Kxa6 Qc4+ 64. Qb5 Qe6+ 65. Ka7 Kf4 66. a6 Qe7+ 67. Ka8 Qa3 68. a7 Kg4 69. Kb7 Qe7+ 70. Ka6 Qa3+ 71. Kb6 Qe3+ 72. Qc5 Qe6+ 73. Kc7 Qf7+ 74. Kd8 Qg8+ 75. Ke7 Qg7+ 76. Ke6 Qg6+ 77. Kd7 Qf7+ 78. Kd6 Qf8+ 79. Kd5 Qf7+ 80. Kc6 Qe8+ 81. Kb6 Kxh4 82. Qb4+ Kh3 83. Qa3+ Kh2 84. a8Q Qg6+ 85. Qc6 Qg1+ 86. Kb7 Qb1+ 87. Ka8 Qf5 88. Qad6+ Kg1 89. Qdc5+ 1-0

[Event "HUN-ch op"]
[Site "Zalakaros"]
[Date "2001.??.??"]
[Round "5"]
[White "Khechumyan, Gagik"]
[Black "Valko, Krisztian"]
[Result "1-0"]
[WhiteElo "2227"]
[BlackElo "2100"]
[PlyCount "75"]
[EventDate "2001.??.??"]
[EventType "swiss"]
[EventRounds "9"]
[EventCountry "HUN"]
[SourceTitle "EXT 2002"]
[Source "ChessBase"]
[SourceDate "2001.11.25"]
[SourceVersion "1"]
[SourceVersionDate "2001.11.25"]
[SourceQuality "1"]

1. c4 e5 2. Nc3 Bb4 3. Nf3 Bxc3 4. dxc3 Qe7 5. e4 d6 6. h3 Nf6 7. Bd3 h6 8. Be3 0-0 9. g4 d5 10. g5 hxg5 11. cxd5 g4 12. Ng5 gxh3 13. Qe2 Bg4 14. f3 Bh5 15. Rxh3 g6 16. 0-0-0 Kg7 17. Qg2 Nbd7 18. Rg1 Rh8 19. Bc4 Qd6 20. Rh4 Rae8 21. b4 a6 22. Bb3 Kf8 23. Kb2 b6 24. Rf1 Kg7 25. f4 Be2 26. Rfh1 Rxh4 27. Rxh4 Bh5 28. f5 a5 29. a3 Rf8 30. fxg6 Bxg6 31. Ne6+ fxe6 32. Rh6 Ng4 33. Qxg4 exd5 34. Rxg6+ Qxg6 35. Qxd7+ Rf7 36. Qxd5 Qg2+ 37. Bd2 Rf2 38. Qxe5+ 1-0

[Event "HUN-ch op"]
[Site "Zalakaros"]
[Date "2001.??.??"]
[Round "6"]
[White "Rigo, Janos"]
[Black "Khechumyan, Gagik"]
[Result "1/2-1/2"]
[WhiteElo "2329"]
[BlackElo "2227"]
[PlyCount "107"]
[EventDate "2001.??.??"]
[EventType "swiss"]
[EventRounds "9"]
[EventCountry "HUN"]
[SourceTitle "EXT 2002"]
[Source "ChessBase"]
[SourceDate "2001.11.25"]
[SourceVersion "1"]
[SourceVersionDate "2001.11.25"]
[SourceQuality "1"]

1. e4 g6 2. h4 d5 3. exd5 Nf6 4. Be2 h5 5. c4 c6 6. dxc6 e5 7. c7 Qxc7 8. Nc3 Bc5 9. b4 Bxb4 10. Qa4+ Nc6 11. Nd5 Qd6 12. Nxb4 Qxb4 13. Qxb4 Nxb4 14. Rb1 Nc2+ 15. Kd1 Nd4 16. Nf3 Nxe2 17. Kxe2 Bg4 18. Ke3 Bxf3 19. gxf3 0-0-0 20. Rb5 Rhe8 21. Ba3 e4 22. Bb2 exf3+ 23. Kxf3 Rd3+ 24. Kg2 Ne4 25. Bc1 Nd6 26. Rb3 Rd4 27. d3 Nf5 28. Bg5 Rg4+ 29. Kf1 Nd4 30. Rb2 Nf3 31. Be3 a6 32. Ke2 Nxh4 33. Rhb1 Re7 34. c5 Nf5 35. Rb4 Nxe3 36. fxe3 Rg2+ 37. Kf3 Rxa2 38. Rb6 Ra3 39. Rd6 Rc3 40. Rd5 Re6 41. Kf4 Kc7 42. e4 b6 43. cxb6+ Rxb6 44. Ra1 Rcc6 45. e5 Kb7 46. d4 Kc7 47. Kg5 f6+ 48. Kxg6 fxe5+ 49. Kxh5 e4 50. Kg4 Rd6 51. Rxd6 Kxd6 52. Ra5 Rb5 53. Rxa6+ Kd5 54. Kf4 1/2-1/2

[Event "HUN-chT 0001"]
[Site "Hungary"]
[Date "2000.12.17"]
[Round "3"]
[White "Csonka, Attila Istvan"]
[Black "Khechumyan, Gagik"]
[Result "0-1"]
[WhiteElo "2310"]
[BlackElo "2255"]
[PlyCount "136"]
[EventDate "2000.11.26"]
[EventType "team-tourn"]
[EventRounds "11"]
[EventCountry "HUN"]
[SourceTitle "EXT 2009"]
[Source "ChessBase"]
[SourceDate "2008.11.26"]
[SourceVersion "1"]
[SourceVersionDate "2008.11.26"]
[SourceQuality "1"]
[WhiteTeam "Haladas"]
[BlackTeam "Penzugyor"]
[WhiteTeamCountry "HUN"]
[BlackTeamCountry "HUN"]

1. e4 g6 2. d4 Bg7 3. Nc3 d6 4. Be3 Nd7 5. Qd2 h6 6. Bc4 e6 7. Nge2 Ne7 8. 0-0 a6 9. a4 d5 10. Bb3 Nf6 11. f3 b6 12. Ng3 Bb7 13. e5 Nd7 14. Nce2 c5 15. c3 Qc7 16. f4 0-0-0 17. Rfb1 h5 18. Bc2 h4 19. Nf1 c4 20. h3 Nf5 21. Nh2 Rdg8 22. Nf3 Nxe3 23. Qxe3 Nb8 24. b3 cxb3 25. Rxb3 Nc6 26. Bd3 Na5 27. Rb2 Kb8 28. Rab1 Ka7 29. Ng5 Bh6 30. Qc1 Bxg5 31. fxg5 Rc8 32. Qf4 Rhf8 33. Qxh4 Bc6 34. Rb4 Rb8 35. Qe1 Qd7 36. Qc1 Rfc8 37. Qb2 Qd8 38. Qa3 Qxg5 39. Qc1 Qe7 40. Qa3 Qd7 41. Qb2 Qd8 42. Rf1 Rb7 43. Rf6 Qd7 44. Qa1 Qe7 45. Nf4 Be8 46. h4 Qc7 47. Ne2 Qd7 48. Rf1 Nc4 49. Bxc4 dxc4 50. Ng3 a5 51. Rb2 Qxa4 52. Ne4 Qxa1 53. Rxa1 Rbb8 54. Nd6 Rc6 55. g4 f5 56. gxf5 gxf5 57. Rg2 Rc7 58. Kf2 Rh7 59. Rag1 Bc6 60. Rg7+ Rxg7 61. Rxg7+ Ka6 62. Nxc4 b5 63. Nd6 a4 64. h5 Rh8 65. Rg5 a3 66. Rg1 Rxh5 67. Ra1 Rh2+ 68. Ke3 a2 0-1

[Event "Budapest FS12 IM-B"]
[Site "Budapest"]
[Date "2000.12.14"]
[Round "12"]
[White "Khechumyan, Gagik"]
[Black "Pap, Misa"]
[Result "1/2-1/2"]
[WhiteElo "2255"]
[BlackElo "2366"]
[PlyCount "104"]
[EventDate "2000.12.02"]
[EventType "tourn"]
[EventRounds "13"]
[EventCountry "HUN"]
[EventCategory "2"]
[SourceTitle "CBM 079 Extra"]
[Source "ChessBase"]
[SourceDate "2001.01.11"]
[SourceVersion "2"]
[SourceVersionDate "2001.01.25"]
[SourceQuality "1"]

1. d4 Nf6 2. c4 c5 3. Nf3 cxd4 4. Nxd4 e5 5. Nc2 d5 6. cxd5 Qxd5 7. Qxd5 Nxd5 8. e4 Nb4 9. Nxb4 Bxb4+ 10. Bd2 Bxd2+ 11. Nxd2 Ke7 12. Nf3 f6 13. Bb5 a6 14. Ba4 Bd7 15. Bxd7 Nxd7 16. Ke2 Rac8 17. Rhc1 Nc5 18. Nd2 Rhd8 19. g3 Rd4 20. f3 Rcd8 21. Nf1 Ne6 22. Rc2 Rb4 23. Kf2 Nd4 24. Rd2 Rc8 25. Ne3 Ke6 26. Rad1 Rb5 27. Nd5 Rbc5 28. Nf4+ exf4 29. Rxd4 Rc2+ 30. R1d2 fxg3+ 31. hxg3 Rxd2+ 32. Rxd2 h5 33. Ke3 Rc5 34. f4 g6 35. Rd4 Rb5 36. b3 Rb6 37. Rd5 Rc6 38. Kd4 Rd6 39. f5+ gxf5 40. exf5+ Ke7 41. Ke4 Rc6 42. Rd2 Rc3 43. Kf4 a5 44. Rh2 a4 45. Re2+ Kd7 46. bxa4 Ra3 47. Re4 Rxa2 48. Rb4 Kc6 49. Kf3 Ra3+ 50. Kg2 Ra2+ 51. Kf3 Ra3+ 52. Kg2 Ra2+ 1/2-1/2

[Event "Budapest FS12 IM-B"]
[Site "Budapest"]
[Date "2000.12.12"]
[Round "10"]
[White "Khechumyan, Gagik"]
[Black "Philippe, Christophe"]
[Result "1-0"]
[WhiteElo "2255"]
[BlackElo "2306"]
[PlyCount "56"]
[EventDate "2000.12.02"]
[EventType "tourn"]
[EventRounds "13"]
[EventCountry "HUN"]
[EventCategory "2"]
[SourceTitle "CBM 079 Extra"]
[Source "ChessBase"]
[SourceDate "2001.01.11"]
[SourceVersion "2"]
[SourceVersionDate "2001.01.25"]
[SourceQuality "1"]

1. g3 f5 2. Bg2 Nf6 3. c4 g6 4. d4 Bg7 5. Nc3 0-0 6. Nf3 d6 7. 0-0 Qe8 8. d5 a5 9. Re1 Na6 10. Be3 h6 11. Qc1 g5 12. Bd4 Qh5 13. h4 f4 14. e3 Bg4 15. exf4 Bxf3 16. fxg5 hxg5 17. Bxf3 Qxf3 18. Qxg5 Nh5 19. Rxe7 Rf7 20. Rxf7 Qxf7 21. Re1 Nf6 22. Re6 Nh7 23. Qg4 Nf8 24. Ne4 Nc5 25. Nf6+ Kh8 26. Re7 Qxf6 27. Bxf6 Bxf6 28. Qh5+ Kg8 1-0